000 00378nam a2200097Ia 4500
008 180130s9999 xx 000 0 und d
245 _cEirich, Gregory M.
_aParental religiosity and children's educational attainment in the United States
260 _c2013
300 _aBook title: Religion, work and inequality--Acession number C17314; pages 153-182
650 _aSOCIOLOGY OF WORK
999 _c354528
_d354528